Nine songs by Charles Ives (Record no. 132816)
[ view plain ]
| 000 -LEADER | |
|---|---|
| fixed length control field | 01328cam3a220030101 4500 |
| 001 - CONTROL NUMBER | |
| control field | tmp15794824 |
| 003 - CONTROL NUMBER IDENTIFIER | |
| control field | UPRA |
| 005 - DATE AND TIME OF LATEST TRANSACTION | |
| control field | 20190822112205.0 |
| 007 - PHYSICAL DESCRIPTION FIXED FIELD--GENERAL INFORMATION | |
| fixed length control field | sdubsmennmpune |
| 008 - FIXED-LENGTH DATA ELEMENTS--GENERAL INFORMATION | |
| fixed length control field | 951031s1977 nyu eng u |
| 028 02 - PUBLISHER OR DISTRIBUTOR NUMBER | |
| Publisher or distributor number | NW300 New World Records |
| Source | NW300 New World Records |
| 035 ## - SYSTEM CONTROL NUMBER | |
| System control number | (Sirsi) r51166 |
| 035 ## - SYSTEM CONTROL NUMBER | |
| System control number | (UPRA)tmp15794824 |
| 040 ## - CATALOGING SOURCE | |
| Transcribing agency | UPRA |
| 245 00 - TITLE STATEMENT | |
| Title | Nine songs by Charles Ives |
| Medium | [sound recording] : |
| Remainder of title | [and] songs by Irving Fine [and] Robert Ward. |
| 260 ## - PUBLICATION, DISTRIBUTION, ETC. | |
| Place of publication, distribution, etc. | New York : |
| Name of publisher, distributor, etc. | New World Records, |
| Date of publication, distribution, etc. | 1977. |
| 500 ## - GENERAL NOTE | |
| General note | Program notes on rear sleeve. |
| 504 ## - BIBLIOGRAPHY, ETC. NOTE | |
| Bibliography, etc. note | Notes, 4 p., by George Gelles including selected bibliography and discography. |
| 511 09 - PARTICIPANT OR PERFORMER NOTE | |
| Participant or performer note | Performed by William Parker, baritone ; Dalton Baldwin, piano ; and Ani Kavafian, violin. |
| 650 #0 - SUBJECT ADDED ENTRY--TOPICAL TERM | |
| Topical term or geographic name entry element | Songs with piano. |
| Linkage | S6146.1 |
| 650 #0 - SUBJECT ADDED ENTRY--TOPICAL TERM | |
| Topical term or geographic name entry element | Songs -- United States. |
| Geographic subdivision | Songs -- United States. |
| Linkage | S6147.1 |
| 700 ## - ADDED ENTRY--PERSONAL NAME | |
| Personal name | 12a35.1..1.14 d35.1..16.10 t35.1..27.6 k35.1..34.11 |
| Medium | Sound recording. |
| Linkage | A9097.1 |
| 700 ## - ADDED ENTRY--PERSONAL NAME | |
| Personal name | 12a35.2..1.18 d35.2..20.10 t35.2..31.6 k35.2..38.11 |
| Medium | Sound recording. |
| Linkage | A9098.1 |
| 700 ## - ADDED ENTRY--PERSONAL NAME | |
| Personal name | 12a35.3..1.19 d35.3..21.6 t35.3..28.6 k35.3..35.11 |
| Medium | Sound recording. |
| Linkage | A9099.1 |
| 700 ## - ADDED ENTRY--PERSONAL NAME | |
| Personal name | 12a35.4..1.13 t35.4..15.6 k35.4..22.11 |
| Medium | Sound recording. |
| Linkage | A9100.1 |
| 949 ## - LOCAL PROCESSING INFORMATION (OCLC) | |
| a | M1619 |
| w | lcc |
| i | -64884 |
| m | MAIN |
| t | BOOK |
| l | ON-SHELF |
No items available.